<?xml version="1.0" encoding="UTF-8"?>
<record
    xmlns:xsi="http://www.w3.org/2001/XMLSchema-instance"
    xsi:schemaLocation="http://www.loc.gov/MARC21/slim http://www.loc.gov/standards/marcxml/schema/MARC21slim.xsd"
    xmlns="http://www.loc.gov/MARC21/slim">

  <leader>01379cam a2200217 i 4500</leader>
  <controlfield tag="003">KPN</controlfield>
  <controlfield tag="005">20260430151041.0</controlfield>
  <controlfield tag="008">20260430b  00|  0  my d</controlfield>
  <datafield tag="020" ind1=" " ind2=" ">
    <subfield code="a">9789831248331</subfield>
    <subfield code="q">paperback</subfield>
    <subfield code="c">RM26.00</subfield>
  </datafield>
  <datafield tag="040" ind1=" " ind2=" ">
    <subfield code="c">KPN</subfield>
  </datafield>
  <datafield tag="082" ind1=" " ind2=" ">
    <subfield code="a">BM FMD ALE 2013</subfield>
  </datafield>
  <datafield tag="090" ind1="0" ind2="0">
    <subfield code="a">BM FMD ALE 2013</subfield>
    <subfield code="b">ALE</subfield>
  </datafield>
  <datafield tag="100" ind1="0" ind2=" ">
    <subfield code="a">Aleya Aneesa,</subfield>
    <subfield code="e">author.</subfield>
  </datafield>
  <datafield tag="245" ind1="1" ind2="0">
    <subfield code="a">Dia Tak Tanya! /</subfield>
    <subfield code="c">Aleya  Aneesa</subfield>
  </datafield>
  <datafield tag="264" ind1=" " ind2="1">
    <subfield code="a">Shah Alam, Selangor :</subfield>
    <subfield code="b">Grupbuku Karangkraf,</subfield>
    <subfield code="c">2013</subfield>
  </datafield>
  <datafield tag="300" ind1=" " ind2=" ">
    <subfield code="a">657 pages ;</subfield>
    <subfield code="c">19 cm</subfield>
  </datafield>
  <datafield tag="521" ind1=" " ind2=" ">
    <subfield code="a">STILAH sahabat merangkap jiran antara Najid dan Najihah akhirnya tersimpul sebagai suami isteri. Sayangnya, mereka berkahwin atas dasar eksperimen. Kononnya dunia perkahwinan mereka boleh bahagia tanpa cinta! Berjaya, okey. Tak berjaya pun okey.

Orang lain hidup bahagia, tapi rumah tangga mereka huru-hara. Ada saja yang tidak kena. Masalah kecil dibesar-besarkan. Rajuk, marah dan prasangka membakar diri. Sudahnya, mereka tidur asing-asing; seorang ke timur dan seorang lagi ke barat. Najid dan Najihah lupa... dalam sesebuah perkahwinan, tiada istilah try and error. Mereka saling ego, hipokrit dan suka menuding jari. Ada isteri, tapi lagak macam bujang. Ada suami, tapi langkah macam hidup seorang!

"Maaf, sayang. Najid betul-betul minta maaf. Tapi percayalah, Najid sayang sangat kat Jiha."</subfield>
  </datafield>
  <datafield tag="650" ind1="1" ind2="0">
    <subfield code="a">Malaysian fiction (Malay)</subfield>
  </datafield>
  <datafield tag="650" ind1="2" ind2="0">
    <subfield code="a">Malay fiction</subfield>
  </datafield>
  <datafield tag="942" ind1=" " ind2=" ">
    <subfield code="2">ddc</subfield>
    <subfield code="c">1</subfield>
    <subfield code="n">0</subfield>
  </datafield>
  <datafield tag="999" ind1=" " ind2=" ">
    <subfield code="c">1849</subfield>
    <subfield code="d">1849</subfield>
  </datafield>
  <datafield tag="952" ind1=" " ind2=" ">
    <subfield code="0">0</subfield>
    <subfield code="1">0</subfield>
    <subfield code="2">ddc</subfield>
    <subfield code="4">0</subfield>
    <subfield code="7">0</subfield>
    <subfield code="8">F</subfield>
    <subfield code="a">KPN</subfield>
    <subfield code="b">KPN</subfield>
    <subfield code="c">FICA</subfield>
    <subfield code="d">2026-04-30</subfield>
    <subfield code="l">0</subfield>
    <subfield code="o">BM FMD ALE 2013</subfield>
    <subfield code="p">KPN26040082</subfield>
    <subfield code="r">2026-04-30</subfield>
    <subfield code="w">2026-04-30</subfield>
    <subfield code="y">1</subfield>
  </datafield>
</record>
